| 000 | 02568nam a2200469 a 4500 | ||
|---|---|---|---|
| 001 | ebr10432092 | ||
| 003 | CaPaEBR | ||
| 006 | m u | ||
| 007 | cr cn||||||||| | ||
| 008 | 070912s2008 txu sb 001 0 eng d | ||
| 010 | _z 2007037687 | ||
| 020 | _z9781603440141 (cloth : alk. paper) | ||
| 020 | _z1603440143 (cloth : alk. paper) | ||
| 020 | _z9781603440158 (pbk. : alk. paper) | ||
| 020 | _z1603440151 (pbk. : alk. paper) | ||
| 020 | _z9781603444415 (e-book) | ||
| 040 |
_aCaPaEBR _cCaPaEBR |
||
| 035 | _a(OCoLC)698589267 | ||
| 041 | 1 |
_aeng _hger |
|
| 043 | _ae-gx--- | ||
| 050 | 1 | 4 |
_aDD253 _b.L298 2008eb |
| 082 | 0 | 4 |
_a324.243/0238 _222 |
| 245 | 0 | 0 |
_aLandmark speeches of National Socialism _h[electronic resource] / _cedited and with translations by Randall L. Bytwerk. |
| 250 | _a1st ed. | ||
| 260 |
_aCollege Station : _bTexas A&M University Press, _cc2008. |
||
| 300 | _a164 p. | ||
| 490 | 1 | _aLandmark speeches | |
| 500 | _aTranslated from the German. | ||
| 504 | _aIncludes bibliographical references and index. | ||
| 505 | 0 | _aThe magic force of the spoken word -- Adolf Hitler : reestablishing the National Socialist German Workers Party, 27 February 1925 -- Joseph Goebbels : "the storm is coming," 9 July 1932 -- Joseph Goebbels : propaganda and public enlightenment, 6 September 1934 -- Gertrud Scholtz-Klink : duties and tasks of the woman in the National Socialist state, October 1936 -- Gerhard Wagner : race and population policy, 11 September 1936 -- Joseph Goebbels : "our Hitler," 19 April 1937 -- Julius Streicher : speech after "The night of broken glass," 10 November 1938 -- Adolf Hitler : to the old guard in Munich, 8 November 1941-- Joseph Goebbels : "total war," 18 February 1943 -- Model speeches for Nazi leaders, 1944-1945 -- Adolf Hitler : Adolf Hitler's last speech, 30 January 1945. | |
| 533 |
_aElectronic reproduction. _bPalo Alto, Calif. : _cebrary, _d2013. _nAvailable via World Wide Web. _nAccess may be limited to ebrary affiliated libraries. |
||
| 610 | 2 | 0 |
_aNationalsozialistische Deutsche Arbeiter-Partei _xHistory _vSources. |
| 650 | 0 | _aNazi propaganda. | |
| 650 | 0 | _aSpeeches, addresses, etc., German. | |
| 650 | 0 |
_aNational socialism _xHistory _vSources. |
|
| 651 | 0 |
_aGermany _xHistory _y1933-1945 _vSources. |
|
| 655 | 7 |
_aElectronic books. _2local |
|
| 700 | 1 | _aBytwerk, Randall L. | |
| 710 | 2 | _aebrary, Inc. | |
| 830 | 0 | _aLandmark speeches. | |
| 856 | 4 | 0 |
_uhttp://site.ebrary.com/lib/rucke/Doc?id=10432092 _zAn electronic book accessible through the World Wide Web; click to view |
| 999 |
_c233602 _d233602 |
||